000 00718nam a2200253 a 4500
001 353
003 BR-CuiBMT
005 20231101201834.0
008 231101s2018 baba 000 0 eng d
020 _a9788544217528
040 _aBR-CuiBMT
_cBR-CuiBMT
080 _22007
_a342.9
090 _a342.9
_bC331m
_c5. ed.
100 1 _aCarvalho, Matheus
245 1 0 _aManual de direito administrativo
_cMatheus Carvalho
250 _a5. ed.
260 _aSalvador :
_bJuspodivm,
_c2018
300 _a1231 p.
_bil.
_c24 cm
504 _aInclui bibliografia.
650 _aDireito administrativo
_vManual
_zBrasil
650 _aAdministração pública
_zBrasil
650 _aServiços públicos
_zBrasil
942 _2udc
_cLV
999 _c353
_d353